MARC

LEADER 00000nam a2200000Ia 4500
001 1678
008 160829s1983 xx 000 0 cat d
080 |a H-1-162 
100 |a Artola, Miguel  |9 37750 
245 |a Antiguo régimen y revolución liberal / Miguel Artola 
250 |a 2a ed. 
260 |a Barcelona :  |b Ariel,  |c 1983 
300 |a 318 p. ;  |c 21 cm 
490 |a Ariel historia 
651 0 |a Espanya  |x Història  |y S. XIX  |9 54679 
901 |a Arxiu 
942 |n 1 
952 |0 0  |1 0  |4 0  |6 H1162  |7 1  |9 48044  |a Arxiu  |b Arxiu  |d 2016-12-01  |l 0  |o H-1-162  |p 1678  |r 2016-12-01 00:00:00  |w 2016-12-01  |y ARXIU 
999 |c 51847  |d 51847